000 00762nam a2200205Ia 4500
003 OSt
005 20210527113832.0
008 210310s1998 eu ad fr 000 0 eng d
040 _aCO-JMCR
_cCO-JMCR
041 0 _aeng
082 0 4 _a332.76 /
_bD822i
_223
110 2 _aDuff & Phelps Credit Rating Co
_937954
245 1 0 _aInternational future-flow securitization :
_brating methodology /
_cDuff & Phelps Credit Rating Co
260 _aChicago :
_bDuff & Phelps Credit Rating Co,
_c1998
300 _a183 páginas ;
_c28 cm.
505 0 _aRating methodology -- List of DCR-Rated future-flow securitizations -- Special Reports -- New financing reports
650 1 4 _aTitulización de flujos
_915788
650 2 4 _aTitulización de activos
_937955
942 _2ddc
_cBK
999 _c7907
_d7907